00800nam a2200253 a 4500001001300000003000900013005001700022008004100039020002300080082001500103100002000118245005700138260005600195300000900251500003500260505003200295650002400327650001700351700002000368902000800388942000700396952012800403999001500531nice12345678IN_TiNIC20260116012256.0050524s1993 mina grp 000 0 eng  a0814761 c10000a297.4bBAL aBaldick, Julian aImaginary Muslimsb the Uwaysi Sufis of Central Asia aMinnesotabNew York University Press New Yorkc1993 a266p aincludes index and biblioraphy2 aBibliography, Index, Plates aSufism-Ahmed Uzgani aAhmed Uzgani1 aBaldick, Julian bSRS cBK 001040708StackRoom-aHMIbHMId2007-08-09g100.00l1o297.4 BALp014971r2022-09-07s2022-08-30v100.00w2005-05-24yBK c6347d6347